Diagnóstico por imágenes / (Registro nro. 3221)
[ vista simple ]
| 000 -LEADER | |
|---|---|
| fixed length control field | 01148nam a2200337 a 4500 |
| 005 - FECHA ULTIMA MODIFICACION | |
| control field | 20241202123742.0 |
| 008 - CAMPO DE CONTROL (LIBRO) | |
| fixed length control field | 100916e2011||||ag a f |||| 001 0 spa d |
| 020 ## - INTERNATIONAL STANDARD BOOK NUMBER | |
| ISBN | 9789870550501 |
| 041 ## - CODIGO DE IDIOMA | |
| Código de idioma del texto/pista de sonido o título separado | spa |
| 092 ## - SIGNATURA TOPOGRAFICA DEWEY LOCAL | |
| número de clasificación | 616.0757 |
| libristica | 21 |
| sección | ELE |
| 100 1# - ENTRADA PRINCIPAL--NOMBRE PERSONAL | |
| Nombre personal | Eleta, Francisco A. |
| 9 (RLIN) | 802 |
| 245 ## - TITULO PROPIAMENTE DICHO | |
| Título | Diagnóstico por imágenes / |
| Mención de responsabilidad y remanente de la transcripción de la portada | Francisco A. Eleta |
| 250 ## - MENCION DE EDICION | |
| Mención de edición | 2a ed. |
| 260 ## - PIE DE IMPRENTA | |
| Lugar de publicación, distribución, etc | Buenos Aires: |
| Nombre de la editorial, distribuidor, etc | el autor; |
| Fecha de publicación | 2011. |
| 300 ## - DESCRIPCION FISICA | |
| Extension | 364 p. |
| Otros detalles físicos | il. |
| Dimensiones | 28x20 cm. |
| Material complementario | CD |
| 500 ## - NOTA GENERAL | |
| Nota general | Eleta, F. A. y San Román, J. L. (2011). Diagnóstico por imágenes. (2a ed.). Buenos Aires : el autor. |
| 653 ## - TÉRMINO INDIZADO - PALABRAS CLAVES | |
| Palabra clave | Métodos de diagnóstico por imágenes |
| 653 ## - TÉRMINO INDIZADO - PALABRAS CLAVES | |
| Palabra clave | Sistema respiratorio, mediastino y diafragma |
| 653 ## - TÉRMINO INDIZADO - PALABRAS CLAVES | |
| Palabra clave | Corazón y sistema circulatorio |
| 653 ## - TÉRMINO INDIZADO - PALABRAS CLAVES | |
| Palabra clave | Abdomen y pelvis |
| 653 ## - TÉRMINO INDIZADO - PALABRAS CLAVES | |
| Palabra clave | Sistema digestivo |
| 653 ## - TÉRMINO INDIZADO - PALABRAS CLAVES | |
| Palabra clave | Sistema urinario |
| 653 ## - TÉRMINO INDIZADO - PALABRAS CLAVES | |
| Palabra clave | Sistema ginecológico y obstetricia |
| 653 ## - TÉRMINO INDIZADO - PALABRAS CLAVES | |
| Palabra clave | Sistema musculoesquelético y tejidos blandos |
| 653 ## - TÉRMINO INDIZADO - PALABRAS CLAVES | |
| Palabra clave | Cabeza y cuello |
| 653 ## - TÉRMINO INDIZADO - PALABRAS CLAVES | |
| Palabra clave | Sistema nervioso central |
| 653 ## - TÉRMINO INDIZADO - PALABRAS CLAVES | |
| Palabra clave | Radiología intervencionista |
| 700 1# - ENTRADAS SECUNDARIAS - NOMBRE PERSONAL | |
| Nombre personal | San Román, José Luís. |
| 9 (RLIN) | 804 |
| 930 ## - NUMERO DE INVENTARIO | |
| Número de inventario | 460 |
| 942 ## - ADDED ENTRY ELEMENTS (KOHA) | |
| Source of classification or shelving scheme | Dewey Decimal Classification |
| Item type | Libros |
| Estado de retiro | Existencia | Fuente de clasificación | Estado general | No para prestamo | Ubicación permanente | ubicación actual | Sala de ubicación | Fecha de adquisición | Fuente de adquisición | Total Checkouts | Número de clasificación | Código de barras | Date last seen | Número de ejemplar | Price effective from | Koha tipo de elemento (item) | Public note | Coded location qualifier |
|---|---|---|---|---|---|---|---|---|---|---|---|---|---|---|---|---|---|---|
| Dewey Decimal Classification | Biblioteca Medicina | Biblioteca Medicina | Circulación | 02/12/2024 | Donación Diciembre 2024 | 616.0757 21 ELE | 4959 | 02/12/2024 | Ej.1 | 02/12/2024 | Libros | Donación Diciembre 2024. |